00743cam a22002171i 4500001001300000003000400013005001700017008004100034010001700075035001900092040005300111042001200164050001600176100003300192245011200225260005200337300003700389502004600426610003600472999001700508e 09000597 DLC20260227111150.0790402s1850 fr 000 0 fre c ae 09000597  a(OCoLC)4812058 aLibrary, U.S. Bur. of EducationcMiKWdMiKWdDLC apremarc00aLF2166b.T51 aThurot, Charles,d1823-1882.10aDe l'organisation de l'enseignement dans l'Université de Paris, au moyen-âge ... /cpar Charles Thurot. aParis :bDezobry, E. Magdeleine, et cie,c1850. a[4] leaves, 213, 16 p. ;c22 cm. aThèse - Faculté des lettres de Paris.20aUniversité de ParisxHistory. c18793d18793